00547nam a22001697a 450000500170000002000220001703500130003903700130005210000310006524500460009625000140014226000270015630000250018394200290020899900170023795201230025420120502132958.0 a8174760075c85.00 aA-705745 aDPLbENG aAiyar, Mani Shankar946222 aPakistan papers /cby Mani Shankar Aiyar  a2nd rprn. aNew DelhibUBSPDc1994 axxii, 227p.c20 cms. 2ddccENh327.547054mAIY c66005d66005 001040708NFICaZLSbZLSd2012-05-02g85.00l0o327.547054 AIYpA-705745r2012-05-02 00:00:00v85.00w2012-05-02yEN